<?xml version="1.0" encoding="UTF-8"?>
<record
    xmlns:xsi="http://www.w3.org/2001/XMLSchema-instance"
    xsi:schemaLocation="http://www.loc.gov/MARC21/slim http://www.loc.gov/standards/marcxml/schema/MARC21slim.xsd"
    xmlns="http://www.loc.gov/MARC21/slim">

  <leader>01179nam a22002177a 4500</leader>
  <controlfield tag="005">20240625154247.0</controlfield>
  <controlfield tag="008">240625b           ||||| |||| 00| 0 eng d</controlfield>
  <datafield tag="020" ind1=" " ind2=" ">
    <subfield code="a">9789355562920</subfield>
  </datafield>
  <datafield tag="040" ind1=" " ind2=" ">
    <subfield code="c">AL</subfield>
  </datafield>
  <datafield tag="041" ind1=" " ind2=" ">
    <subfield code="a">English</subfield>
  </datafield>
  <datafield tag="082" ind1=" " ind2=" ">
    <subfield code="2">23</subfield>
    <subfield code="a">658.002</subfield>
    <subfield code="b">MANM</subfield>
  </datafield>
  <datafield tag="100" ind1=" " ind2=" ">
    <subfield code="a">MANGLIK (Rohit)</subfield>
    <subfield code="9">171661</subfield>
  </datafield>
  <datafield tag="245" ind1=" " ind2=" ">
    <subfield code="a">MAT : Management Aptitude Test</subfield>
  </datafield>
  <datafield tag="260" ind1=" " ind2=" ">
    <subfield code="a">Lucknow</subfield>
    <subfield code="b">EduGorilla Community Private Limited</subfield>
    <subfield code="c">2024</subfield>
  </datafield>
  <datafield tag="300" ind1=" " ind2=" ">
    <subfield code="a">262</subfield>
    <subfield code="b">PB</subfield>
    <subfield code="c">20x28 cm</subfield>
  </datafield>
  <datafield tag="365" ind1=" " ind2=" ">
    <subfield code="a">2046</subfield>
    <subfield code="b">336.00</subfield>
    <subfield code="c">&#x20B9;</subfield>
    <subfield code="d">420.00</subfield>
    <subfield code="e">20%</subfield>
    <subfield code="f">25.06.2024</subfield>
  </datafield>
  <datafield tag="520" ind1=" " ind2=" ">
    <subfield code="a">&#x2022; Best Selling Book for Management Aptitude Test 2024 with objective-type questions as per the latest syllabus given by the All India Management Association (AIMA). &#x2022; Management Aptitude Test (MAT) Preparation Kit comes with 20 Tests (10 Mock Tests + 10 Sectional Tests) with the best quality content. &#x2022; Increase your chances of selection by 16X. &#x2022; Management Aptitude Test (MAT) Prep Kit comes with well-structured and 100% detailed solutions for all the questions. &#x2022; Clear exam with good grades using thoroughly Researched Content by experts.</subfield>
  </datafield>
  <datafield tag="650" ind1=" " ind2=" ">
    <subfield code="a">Management Aptitude Test</subfield>
    <subfield code="9">171654</subfield>
  </datafield>
  <datafield tag="650" ind1=" " ind2=" ">
    <subfield code="a">Competitive Exam</subfield>
    <subfield code="9">171655</subfield>
  </datafield>
  <datafield tag="942" ind1=" " ind2=" ">
    <subfield code="2">ddc</subfield>
    <subfield code="c">BK</subfield>
  </datafield>
  <datafield tag="999" ind1=" " ind2=" ">
    <subfield code="c">231319</subfield>
    <subfield code="d">231319</subfield>
  </datafield>
  <datafield tag="952" ind1=" " ind2=" ">
    <subfield code="0">0</subfield>
    <subfield code="1">0</subfield>
    <subfield code="2">ddc</subfield>
    <subfield code="4">0</subfield>
    <subfield code="7">0</subfield>
    <subfield code="8">OTH</subfield>
    <subfield code="a">AL</subfield>
    <subfield code="b">AL</subfield>
    <subfield code="d">2024-06-25</subfield>
    <subfield code="e">Biblios Book Point Suratkal 575014</subfield>
    <subfield code="g">336.00</subfield>
    <subfield code="l">9</subfield>
    <subfield code="m">4</subfield>
    <subfield code="o">658.002 MANM</subfield>
    <subfield code="p">077233</subfield>
    <subfield code="r">2026-03-02 14:36:57</subfield>
    <subfield code="s">2026-02-23</subfield>
    <subfield code="v">420.00</subfield>
    <subfield code="w">2024-06-25</subfield>
    <subfield code="y">BK</subfield>
  </datafield>
</record>
